| 000 | 00533nam a2200217Ia 4500 | ||
|---|---|---|---|
| 003 | OSt | ||
| 005 | 20230504114949.0 | ||
| 008 | 210423s2005 xx 000 0 und d | ||
| 020 | _a748743707 | ||
| 040 | _cAL | ||
| 041 | _aeng | ||
| 082 |
_a575.1 _223 _bBROT |
||
| 100 |
_aBROWN (T A). _997633 |
||
| 245 | _aGenetics: a molecular approach. | ||
| 250 | _a3 | ||
| 260 |
_aNew York _bBIOS Scientific Publisher _c2005 |
||
| 300 | _axxvii,469 | ||
| 365 | _cINR | ||
| 906 | _aapproach. ; Genetics: ; molecular | ||
| 942 |
_2ddc _cBK |
||
| 999 |
_c163567 _d163567 |
||